<?xml version="1.0" encoding="UTF-8"?>
<collection xmlns="http://www.loc.gov/MARC21/slim">
 <record>
  <leader>03721nam a2200313 a 4500</leader>
  <controlfield tag="001">1/44831</controlfield>
  <controlfield tag="008">140702s2002    us            001 0 eng  </controlfield>
  <datafield tag="020" ind1=" " ind2=" ">
   <subfield code="a">9780122078927</subfield>
  </datafield>
  <datafield tag="020" ind1=" " ind2=" ">
   <subfield code="a">0122078926</subfield>
  </datafield>
  <datafield tag="020" ind1=" " ind2=" ">
   <subfield code="a">9780080506296 (electronic bk.)</subfield>
  </datafield>
  <datafield tag="020" ind1=" " ind2=" ">
   <subfield code="a">0080506291 (electronic bk.)</subfield>
  </datafield>
  <datafield tag="035" ind1=" " ind2=" ">
   <subfield code="l">47785</subfield>
  </datafield>
  <datafield tag="040" ind1=" " ind2=" ">
   <subfield code="a">OPELS</subfield>
   <subfield code="b">eng</subfield>
   <subfield code="c">OPELS</subfield>
   <subfield code="d">OKU</subfield>
   <subfield code="d">OCLCQ</subfield>
   <subfield code="d">EEICP</subfield>
   <subfield code="d">IDEBK</subfield>
   <subfield code="d">N$T</subfield>
   <subfield code="d">YDXCP</subfield>
   <subfield code="d">E7B</subfield>
   <subfield code="d">MERUC</subfield>
   <subfield code="d">UMI</subfield>
   <subfield code="d">DEBSZ</subfield>
   <subfield code="d">GR-PeUP</subfield>
  </datafield>
  <datafield tag="245" ind1="0" ind2="0">
   <subfield code="a">Fiber optic data communication</subfield>
   <subfield code="h">[electronic resource] :</subfield>
   <subfield code="b">technological trends and advances /</subfield>
   <subfield code="c">Casimer DeCusatis, editor.</subfield>
  </datafield>
  <datafield tag="260" ind1=" " ind2=" ">
   <subfield code="a">San Diego :</subfield>
   <subfield code="b">Academic Press,</subfield>
   <subfield code="c">c2002.</subfield>
  </datafield>
  <datafield tag="300" ind1=" " ind2=" ">
   <subfield code="a">1 online resource (xiii, 568 p.) :</subfield>
   <subfield code="b">ill.</subfield>
  </datafield>
  <datafield tag="504" ind1=" " ind2=" ">
   <subfield code="a">Includes bibliographical references and index.</subfield>
  </datafield>
  <datafield tag="505" ind1="0" ind2=" ">
   <subfield code="a">History of fiber optics / Jeff D. Montgomery -- Market analysis and business planning / Yann Y. Morvan and Ronald C. Lasky -- Small form factor fiber optic connectors / John Fox and Casimer DeCusatis -- Specialty fiber optic cables / Casimer DeCusatis and John Fox -- Optical wavelength division multiplexing for data communication networks / Casimer DeCusatis -- Optical backplanes, board and chip interconnects / Rainer Michalzik -- Parallel computer architectures using fiber optics / David B. Sher and Casimer DeCusatis -- Packaging assembly techniques / Ronald C. Lasky, Adam Singer, and Prashant Chouta -- InfiniBand, the interconnect from backplane to fiber / Ali Ghiasi -- New devices for optoelectronics : smart pixels / Barry L. Shoop, Andre H. Sayles, and Daniel M. Litynski -- Emerging technology for fiber optic data communication / Chung-Sheng Li -- Manufacturing challenges / Eric Maass.</subfield>
  </datafield>
  <datafield tag="520" ind1=" " ind2=" ">
   <subfield code="a">This book is an authoritative review of current and future trends in the field of telecommunications. Written by industry experts who are developing leading-edge data communication networks, Fiber Optic Data Communication provides professionals and students alike with a look at emerging technologies and their applications. Four of the chapters have been revised from DeCusatis's best-selling book, Handbook of Fiber Optic Data Communications; the remaining eight chapters are all new. Seven helpful appendices, a glossary, and a list of technical acronyms are included. This book can stand alone or as a companion volume to DeCusatis: Handbook of Fiber Optic Data Communication, Second Edition (February 2002, ISBN: 0-12-207891-8). * Includes emerging technologies such as Infiniband, 10 Gigabit Ethernet, and MPLS Optical Switching * Describes leading edge commercial products, including LEAF and MetroCore fibers, dense wavelength multiplexing, and Small Form Factor transceiver packages * Covers all major industry standards, often written by the same people who designed the standards themselves * Includes an expanded listing of references on the World Wide Web, plus hard-to-find references for international, homologation, and type approval requirements * Convenient tables of key optical datacom parameters and glossary with hundreds of definitions and acronyms * Industry buzzwords explained, including SAN, NAS, and MAN networking * Datacom market analysis and future projections from industry leading forecasters.</subfield>
  </datafield>
  <datafield tag="650" ind1=" " ind2="4">
   <subfield code="a">Fiber optics.</subfield>
  </datafield>
  <datafield tag="650" ind1=" " ind2="4">
   <subfield code="a">Data transmission systems.</subfield>
  </datafield>
  <datafield tag="655" ind1=" " ind2="4">
   <subfield code="a">Electronic books.</subfield>
  </datafield>
  <datafield tag="700" ind1="1" ind2=" ">
   <subfield code="a">DeCusatis, Casimer.</subfield>
  </datafield>
  <datafield tag="852" ind1=" " ind2=" ">
   <subfield code="a">INST</subfield>
   <subfield code="b">UNIPILB</subfield>
   <subfield code="c">EBOOKS</subfield>
   <subfield code="e">20140702</subfield>
   <subfield code="p">00b47785</subfield>
   <subfield code="q">00b47785</subfield>
   <subfield code="t">ONLINE</subfield>
   <subfield code="y">0</subfield>
  </datafield>
  <datafield tag="856" ind1="4" ind2="0">
   <subfield code="3">ScienceDirect</subfield>
   <subfield code="u">http://www.sciencedirect.com/science/book/9780122078927</subfield>
  </datafield>
  <datafield tag="856" ind1="4" ind2=" ">
   <subfield code="d">/webopac/covers/03/47785_9780122078927.jpg</subfield>
  </datafield>
  <datafield tag="856" ind1="4" ind2=" ">
   <subfield code="d">/webopac/covers/03/47785_0122078926.jpg</subfield>
  </datafield>
  <datafield tag="856" ind1="4" ind2=" ">
   <subfield code="d">/webopac/covers/03/47785_9780080506296.jpg</subfield>
   <subfield code="z">(electronic bk.)</subfield>
  </datafield>
  <datafield tag="856" ind1="4" ind2=" ">
   <subfield code="d">/webopac/covers/03/47785_0080506291.jpg</subfield>
   <subfield code="z">(electronic bk.)</subfield>
  </datafield>
 </record>
</collection>
